Quizzes
Events
Quiz Creation
Community
Videos
Private Events
Remove Ads
Sign In
Join for FREE
Feedback
Dark Mode
Quiz Categories
Sports
Geography
Music
Movies
Television
Just For Fun
Miscellaneous
History
Literature
Language
Science
Gaming
Entertainment
Religion
Holiday
For Kids
Quiz Lab
Recent
Popular Today
Quiz Kudos Today
Editor Picks
Curator Picks
Quizzes by...
Day
Popularity
Type
Ratings
Length
Year
Community
Subscriptions
Recent Discussions
Orange Saloon
Badges
Playlists
Quests
Create
Leaderboards
Showdown
Live 5
Trivia Bingo
Activity
Puzzle Library
Sporcle Events
Private Events
Virtual Trivia
Globe League
Become a Host
Pub Owners
SporcleCon
Opinionation
Our Games
Videos
Blog
Mobile Apps
Partnerships
Remove Ads and Go Orange
Feedback
Movies
Disney
Marvel Cinematic Universe
Movie Resume
Movie Titles
Oscar
Actor
Actress
Director
Pixar
Role
Movie Quotes
Movie Characters
Box Office
Nominee
Best Picture
Star Wars
James Bond
Horror Movies
Movies
Disney
Marvel Cinematic Universe
Movie Resume
Movie Titles
Oscar
Actor
Actress
Director
Pixar
Role
Movie Quotes
Movie Characters
Box Office
Nominee
Best Picture
Star Wars
James Bond
Horror Movies
Random Quiz
Search Sporcle
×
Quiz Lab
Quiz Lab
Movies
Bang Bang
Type in answers that appear in a list
Type in answers that appear in a list
Classic
Best Score? Go Orange.
Kiss Kiss, Bang Bang Quiz Stats
Can you name the Kiss Kiss, Bang Bang Quiz?
By
The_Gnat
5m
20 Questions
99 Plays
99 Plays
99 Plays
Comments
Comments
Give Quiz Kudos
Give Quiz Kudos
-
- Ratings
hide this ad
Random Order
Randomize order of answers
Randomize order of answers
Replay
Link that replays current quiz
Next Quiz
Link to next quiz in quiz playlist
You Got
0%
They Got
Avg Score
39%
Avg Friend Score
Upgrade to see
Score Distribution
Jump to the score distribution portion of the page
Score
0/20
Timer
05:00
0
Plays Today
Hint
Answer
% Correct
Who played Gay Perry
Val Kilmer
85.9%
Who played Harry
Robert Downey Jr
79.8%
What color is the doubles hair
Pink
65.7%
What percentage does Harry come up with for Russian Roulette with one bullet
8%
55.6%
What ends up happening to Harry's finger
Dog eats it
53.5%
What did Harry do to a corpse
Pee on it
52.5%
Who Played Harmony
Michelle Monaghan
49.5%
Where does Gay Perry hide a gun
Crotch
47.5%
Gay Perry's Ringtone is
I Will Survive
45.5%
There's something rotten in... (movie version)
Denver
43.4%
Hint
Answer
% Correct
What President shows up at the end of the film
Abraham Lincoln
39.4%
Who was the hero of the pulp fiction book
Johnny Gossamer
36.4%
Which Psych actor appears in this film
Corbin Bernsen
27.3%
Who played Harlin Dexter
Corbin Bernsen
27.3%
What was Harry's magician name
Harry the Great
26.3%
Kurt Cobain stole the psych patients...
cricket
20.2%
Who voices the fake beer commercial
Laurence Fishburne
16.2%
What names to the two henchmen go by
Frying Pan and Fire
15.2%
Who was supposed to play Harry originally
Johnny Knoxville
5.1%
Harry's Hotel number (714) is from what show
Dragnet
4%
Quiz Playlist
Details
Report
Send in Message
Add To Playlist
Classic:
Type in answers that appear in a list
Random Order:
Randomize order of answers
Last Updated: Feb 16, 2017
Quiz Scoreboard
CHALLENGE
Sign Up to Join the Scoreboard
Show All
Scores
Hide
Comments
May contain spoilers
Recently Published
1-10 Letter E Words III
by El_Dandy
Language
2m
One Thing in Common: World Cities II
by knightlancer
Geography
7m
Popular People in 1961
by mucciniale
History
6m
More to Explore
Quiz From the Vault
Featured Blog Post
Where Did the Easter Bunny Come From?
hide this ad
You Might Also Like...
Tags
bang
Bang Bang
kiss
Today's Top Quizzes in Movies
Browse Movies
hide this ad
Top Contributed Quizzes in Movies
1
Multi-Oscar Nominations, One Movie, One Winner
2
12 Movies about Fictional 1960s Events
3
One Thing in Common: Movies
4
Three Word 'T' Movies Match Up
5
Three Word 'H' Movies Match Up
6
Three Word 'M' Movies Match Up
7
Three Word 'L' Movies Match Up
8
Three Word 'R' Movies Match Up
9
Three Word 'S' Movies Match Up
10
Three Word 'U' & 'V' Movies Match Up
Explore More
Trending Topics
Kpop
Anime
NBA
Disney
Crossword
Marvel
Harry Potter
Pokémon
Soccer
Puzzle
The Office
Song
WWE
NFL
Country
hide this ad
More By:
The_Gnat
Quiz
Plays
Rating
Category
Featured
Created
Computer Programming Languages
1,235
1.17
Miscellaneous
Jun 1, 2010
Kiss Kiss, Bang Bang Quiz
99
4.00
Movies
Jun 1, 2010
Go to Creator's Profile
Score Distribution
Quiz Creator Spotlight
The_Gnat
Follow
Send a Message
Quizzes Created
-
Created Quiz Play Count
-
More By This Creator
Popular Quizzes Today
1
Find the US States - No Outlines Minefield
2
The Countries of the World
3
Popular People in 1961
4
Find the Countries of Europe - No Outlines Minefield
5
1-10 Letter E Words III
6
Find the US States
7
One Thing in Common: World Cities II
8
US States
More Movies Quizzes
Movies 'Starring Titles' II
Published
Trending Quizzes
1-10 Letter F Words
One Thing in Common: Music
1-10 Letter G Words
Risky Map Clicking: Next State Alphabetically
1-10 Letter F Words II
Recently Updated
Leaping Animals
pecheneg
Reality TV Shows (A-Z)
bhenderson79
Rickey Henderson's Hall of Fame Teammates
pecheneg
Champions League XIs: Arsenal
pecheneg
Quick Pick: Celebrities in WWE's Hall of Fame
aduchscher
A-Z Keypad Blitz II
pecheneg
Multiple Oscar Actors
pecheneg
Mystery Phrase Blitz: Oscar 'Best Actors'
pecheneg
F. Scott Fitzgerald Novels
LTH
Pick 3 Villains
ddd62291
Trending Topics
NBA
Anime
Disney
Kpop
Marvel
Harry Potter
Crossword
Soccer
Puzzle
The Office
Country
Song
WWE
Pokémon
NFL
Your Account Isn't Verified!
In order to create a playlist on Sporcle, you need to verify the email address you used during registration. Go to your
Sporcle Settings
to finish the process.
Report this User
Report this user for behavior that violates our
Community Guidelines
.
Details:
Send Report
Go to the Sporcle.com Mobile Site →
Comments